<?xml version="1.0" encoding="UTF-8"?><?xml-stylesheet type="text/xsl" href="static/style.xsl"?><OAI-PMH xmlns="http://www.openarchives.org/OAI/2.0/" xmlns:xsi="http://www.w3.org/2001/XMLSchema-instance" xsi:schemaLocation="http://www.openarchives.org/OAI/2.0/ http://www.openarchives.org/OAI/2.0/OAI-PMH.xsd"><responseDate>2026-06-29T03:13:02Z</responseDate><request verb="GetRecord" identifier="oai:docta.ucm.es:20.500.14352/101456" metadataPrefix="marc">https://docta.ucm.es/rest/oai/request</request><GetRecord><record><header><identifier>oai:docta.ucm.es:20.500.14352/101456</identifier><datestamp>2025-08-29T13:26:30Z</datestamp><setSpec>com_20.500.14352_14</setSpec><setSpec>col_20.500.14352_15</setSpec></header><metadata><record xmlns="http://www.loc.gov/MARC21/slim" xmlns:dcterms="http://purl.org/dc/terms/" xmlns:xsi="http://www.w3.org/2001/XMLSchema-instance" xmlns:doc="http://www.lyncode.com/xoai" xsi:schemaLocation="http://www.loc.gov/MARC21/slim http://www.loc.gov/standards/marcxml/schema/MARC21slim.xsd">
   <leader>00925njm 22002777a 4500</leader>
   <datafield ind2=" " ind1=" " tag="042">
      <subfield code="a">dc</subfield>
   </datafield>
   <datafield ind2=" " ind1=" " tag="720">
      <subfield code="a">San Narciso Martín, David</subfield>
      <subfield code="e">author</subfield>
   </datafield>
   <datafield ind2=" " ind1=" " tag="260">
      <subfield code="c">2023</subfield>
   </datafield>
   <datafield ind2=" " ind1=" " tag="520">
      <subfield code="a">La configuración de la monarquía constitucional tuvo lugar en España bajo el reinado de Isabel II. Conjugar las variables de poder y de género fue especialmente complejo en una reina soberana. Pero también lo sería en su consorte. Mientras la ideología de la domesticidad se imponía progresivamente, el liberalismo tuvo que pensar a un hombre emasculado, privado de las cualidades públicas y políticas que atribuía a la masculinidad. Este articulo analiza la figura de Francisco de Asís de Borbón, enmarcándolo en los debates europeos que trataron de buscar un espacio —en la esfera pública y doméstica— para una figura que invertía los roles de género.</subfield>
   </datafield>
   <datafield ind1="8" ind2=" " tag="024">
      <subfield code="a">San Narciso Martín, David. «La invención del consorte real. La figura de Francisco de Asís de Borbón en el contexto de la Europa liberal». Ayer. Revista de Historia Contemporánea, 9 de octubre de 2023, 1-26. https://doi.org/10.55509/ayer/1928.</subfield>
   </datafield>
   <datafield ind1="8" ind2=" " tag="024">
      <subfield code="a">10.55509/ayer/1928</subfield>
   </datafield>
   <datafield ind1="8" ind2=" " tag="024">
      <subfield code="a">https://hdl.handle.net/20.500.14352/101456</subfield>
   </datafield>
   <datafield ind1="8" ind2=" " tag="024">
      <subfield code="a">https://doi.org/10.55509/ayer/1928</subfield>
   </datafield>
   <datafield ind2="0" ind1="0" tag="245">
      <subfield code="a">La invención del consorte real. La figura de Francisco de Asís de Borbón en el contexto de la Europa liberal</subfield>
   </datafield>
</record></metadata></record></GetRecord></OAI-PMH>